000 00797nam a2200265Ia 4500
001 Para_4964
003 CHAP
008 220125s1915 xx 000 0 und d
010 _a203423
040 _cCHAP
090 _aPA FOLLETO 2325
100 _aDean, George A
_931433
245 _aInsects destructive to grain and grain products stored in bins and granaries /
_c George A. Dean
260 _aManhattan, Kansas :
_b Kansas State Agricultural College
300 _a4 p.
440 _aKansas Agr. Exp. Sta. Circular; 47
_9169195
650 _aCereales
_x Almacenamiento
_x Plagas
_921378
901 _aPA FOLLETO 2325
902 _aA
905 _a0000001915 MAN 0000000000 00
910 _a1915
942 _cPARA
942 _cPARA
_d1
999 _c203423
_d203423